| 000 | 00660nam a22001817a 4500 | ||
|---|---|---|---|
| 005 | 20251108175038.0 | ||
| 008 | 250721s2008 xx 000 0 ara d | ||
| 082 | 1 | 4 | _aم/216.7/كرد |
| 100 | 1 | _aالكردي، أوميد عثمان | |
| 245 | 1 | 0 | _aعقوبة الإعدام في الشريعة الإسلامية : دراسة تحليلية مقارنة بالقانون / |
| 264 | 1 |
_aدمشق : _bمؤسسة الرسالة ناشرون، _c2008. |
|
| 300 | _a400ص. | ||
| 650 | 1 | 7 | _aالفقه الاسلامي |
| 650 | 1 | 7 | _aالحدود ( الشريعة الاسلامية ) |
| 650 | 1 | 7 | _aحدود القتل |
| 942 |
_2ddc _cREF |
||
| 999 |
_c124776 _d124776 |
||